00932cam a2200253 a 45000010009000000050017000090080041000260200032000670200037000990500025001360820012001611000023001732450092001962500012002882600042003003000041003425000020003836500026004036500015004296500035004446500037004798560087005168560075006031274466720260422180903.0020417s2003 maua 001 0 eng  a0767416813qacid-free paper a9780767416818q(acid-free paper)00aP301.5.P47bH38 200300a8082211 aHatch, Gary Layne.10aArguing in communities :breading and writing arguments in context /cGary Layne Hatch. a3rd ed. aBoston, Mass. :bMcGraw-Hill,cc2003. axlvi, 797, [33] p. :bill. ;c24 cm. aIncludes index. 0aPersuasion (Rhetoric) 0aReasoning. 0aCommunicationxSocial aspects. 0aRhetoricxResearchxMethodology.423Publisher descriptionuhttp://www.loc.gov/catdir/description/mh031/2002069596.html413Table of contentsuhttp://www.loc.gov/catdir/toc/fy034/2002069596.html